| 000 | 00393nam a2200169 4500 | ||
|---|---|---|---|
| 003 | SEACOMMC | ||
| 005 | 20231010053029.0 | ||
| 008 | 231010b |||||||| |||| 00| 0 eng d | ||
| 020 | _c185.00 | ||
| 040 | _aSEACOMMC | ||
| 082 |
_a533.7316 _bSOI |
||
| 100 | _aTripathi,R.R | ||
| 245 | _aSoil Erosion and Conservation | ||
| 260 |
_aNew Delhi _bNew Age _c2001 |
||
| 700 | _aH.P Singh | ||
| 942 | _cBOOK | ||
| 999 |
_c37 _d37 |
||